000 00585nam a22001817a 4500
999 _c10453
_d10453
003 GBCCL
005 20241126110732.0
008 240722b ||||| |||| 00| 0 eng d
020 _a9781530645923
020 _a1530645921
040 _cgbc
082 _a239
_bGEI
100 _aGeisler, Norman L
_988
245 _aTwelve Points That Show Christianity Is True :
_bA Handbook On Defending The Christian Faith /
_cNorman L Geisler
260 _aIndian Trail, North Carolina :
_bPlatform, CreateSpace Independent Publishing,
_c2016
650 _aApologetics
_985
942 _2ddc
_cBK
_010